000 01164nam a2200217Ia 4500
999 _c50858
_d50858
001 17813
003 GE_BSU
005 20200224154912.0
008 181216s1979 xx |||||||||||||| ||eng||
040 _cGE_BSU
041 _aeng
080 _a353.03(73) P-97
245 _aPublic papers of the presidents of the United States Gerard R. Ford. II
_bContaining the Public Message, Speeches, and Statements of the President. 1976-77 (in three books) book II-April 9 to july 9, 1976
264 _aWashington :
_bUnited States government printing office,
_c1979.
300 _a1998 p.:
_c26 cm.
653 _aContaining the Public Message, Speeches, and Statements of the President. 1976-77 (in three books) book II-April 9 to july 9, 1976
653 _aPublic papers of the presidents of the United States Gerard R. Ford
653 _aშეერთებული შტატების პრეზიდენტების ჯერალდ რ ფორდის საჯარო ნაშრომები
653 _aსახელმწიფო ადმინისტრაციული მმართველობა
942 _cBK
_2udc